| 000 | 00942nam a2200277 a 4500 | ||
|---|---|---|---|
| 001 | 50915 | ||
| 003 | BD-RjUL | ||
| 005 | 20211209075602.0 | ||
| 008 | 160828s1971 nyu b 001 0 eng | ||
| 020 | _a0389005096 | ||
| 035 | _a(BD-RjUL)51035 | ||
| 040 |
_aDLC _cDLC _dm.c. _dRCD _dBD-RjUL _beng |
||
| 041 | _aeng | ||
| 082 |
_223 _a519.6 _bZAT 1971 |
||
| 100 | 1 |
_aZahradnik, Raymond L., _d1936- _9152399 |
|
| 245 | 1 | 0 |
_aTheory and techniques of optimization for practicing engineers / _cRaymond L. Zahradnik. |
| 260 |
_aNew York : _bBarnes & Noble, _cc1971 |
||
| 300 |
_axi, 326 p. ; _c22 cm. |
||
| 490 | 1 | _aProfessional engineering career development series | |
| 504 | _aIncludes Bibliography: p. 320-321. & index | ||
| 650 | 0 |
_aMathematical optimization. _9131906 |
|
| 650 | 0 |
_aProgramming (Mathematics) _9151288 |
|
| 830 | 0 |
_aProfessional engineering career development series. _9152400 |
|
| 942 |
_2ddc _cBK |
||
| 999 |
_c50915 _d50915 |
||